| 000 | 00461cam a22001097a 4500 | ||
|---|---|---|---|
| 008 | 180718b1983 xxu||||| |||| 00| 0 eng d | ||
| 082 | _aF8065x5431 1983 | ||
| 245 |
_aGeneral elections, 1983 _cby Directorate General of Information and Public Relations, Jammu and Kashmir |
||
| 260 |
_aSrinagar _bDirectorate General of Information and Public Relations _c1983 |
||
| 300 | _a63+p. | ||
| 700 | _aJammu and Kashmir. Directorate General of Information and Public Relations | ||
| 999 |
_c490528 _d490528 |
||